000 00537nam a2200217Ia 4500
003 OSt
005 20220924133557.0
006 a|||||r|||| 00| 0
007 ta
008 220923b |||||||| |||| 00| 0 urd d
024 _a266969
037 _cTextual
040 _aARTS
_cARTS
_burd
041 _2urd
_aurd
082 _a12:3168, G2
100 _aNasiruddin Hashmi
245 0 _aEurope me daccani makhtutat
260 _c1932
942 _h12:3168, G2
_cTEXL
_2CC
999 _c434268
_d434268